La Vergine E Lo Zingaro

Zapisane w:
Opis bibliograficzny
1. autor: D.H.Lawrence
Format: Książka
Język:nieznany język
Wydane: Oscar Mondatori
Etykiety: Dodaj etykietę
Nie ma etykietki, Dołącz pierwszą etykiete!

MARC

LEADER 00000nam a2200000Ia 4500
001 R-836
003 CODICE-MESSINA
005 20260212102458.0
008 260211s9999 xx 000 0 und d
040 |c importazione_messina 
100 |a D.H.Lawrence 
245 0 |a La Vergine E Lo Zingaro 
260 |b Oscar Mondatori 
942 |2 ddc  |c BK 
952 |0 0  |1 0  |2 ddc  |4 0  |6 SCAFFALE_7_000000000000000__ROMANZI  |7 0  |9 31663  |a ME  |b ME  |d 2026-02-11  |l 0  |o SCAFFALE 7 - ROMANZI  |p R-836  |r 2026-02-11 23:52:42  |w 2026-02-11  |x [REVISIONARE]  |y BK 
999 |c 27328  |d 27328